|
|
|
|
| LEADER |
01143cam a2200289 7i4500 |
| 001 |
0000022347 |
| 005 |
20090223090000.0 |
| 090 |
0 |
0 |
|a S 382.6
|b MAL
|
| 110 |
2 |
0 |
|a Malaysia External Trade Development Corporation [MATRADE]
|
| 245 |
2 |
0 |
|a Seminar "Export Opportunities for Construction and Building Materials, Oil & Gas and ICT related services to Middle East" [28th June 2007 : Theatrette MATRADE, Kuala Lumpur].
|
| 260 |
0 |
0 |
|a Kuala Lumpur:
|b MATRADE,
|c 2007.
|
| 300 |
# |
# |
|a [v.p].
|
| 650 |
0 |
0 |
|a Information and communication technology [ICT] --
|x Seminar papers
|
| 650 |
0 |
0 |
|a Gas Industry --
|x Seminar papers
|
| 650 |
0 |
0 |
|a Oil industry --
|x Seminar papers
|
| 650 |
0 |
0 |
|a Building materials --
|x Seminar papers
|
| 650 |
0 |
0 |
|a Construction materials --
|x Seminar papers
|
| 651 |
0 |
0 |
|a Arab Gulf Cooperation Council [GCC]
|
| 651 |
0 |
0 |
|a West Asia
|
| 651 |
0 |
0 |
|a Qatar
|
| 651 |
0 |
0 |
|a Bahrain
|
| 651 |
0 |
0 |
|a United Arab Emirates
|
| 651 |
0 |
0 |
|a Oman
|
| 651 |
0 |
0 |
|a Saudi Arabia
|
| 651 |
0 |
0 |
|a Kuwait
|
| 999 |
|
|
|a 0000021882
|b Book
|c Seminar Papers
|e Business Information Centre
|
| 999 |
|
|
|a 0000021881
|b Book
|c Seminar Papers
|e Business Information Centre
|